Capitals of Western Europe - Statistics

General Stats
  • This quiz has been taken 44 times
  • The average score is 8 of 8
Answer Stats
Country Capital % Correct
United Kingdom London
100%
France Paris
100%
Netherlands Amsterdam
95%
Belgium Brussels
95%
Ireland Dublin
95%
Luxembourg Luxembourg City
91%
Monaco Monaco
91%
Andorra Andorra la Vella
82%
No matching quizzes found
Score Distribution
Percent of People with Each Score
Percentile by Number Answered
Your Score History
You have not taken this quiz